Statistics for 改称した駅名(1987年~)

Click here to take the quiz!

General Stats

  • This quiz has been taken 69 times
    (40 since last reset)
  • The average score is 174 of 510

Answer Stats

改称年月日改称前の駅名改称後の駅名都道府県% Correct
2004/12/01羽田空港羽田空港第1ビル東京都
82%
1998/11/18羽田天空橋東京都
82%
2010/10/21羽田空港羽田空港国内線ターミナル東京都
82%
1998/11/18羽田天空橋東京都
82%
2019/10/01梅田大阪梅田大阪府
82%
2019/10/01梅田大阪梅田大阪府
82%
2019/10/01鳴尾鳴尾・武庫川女子大前兵庫県
76%
2020/03/14新逗子逗子・葉山神奈川県
76%
1994/12/03いわき福島県
76%
2019/10/01河原町京都河原町京都府
76%
1993/04/01石和石和温泉山梨県
76%
1988/03/13新旭川新旭川(読みのみ)北海道
74%
1988/03/13旭川旭川(読みのみ)北海道
74%
1988/03/13東旭川東旭川(読みのみ)北海道
74%
2004/03/13西鹿児島鹿児島中央鹿児島県
74%
1987/03/27稲生鈴鹿サーキット稲生三重県
74%
1988/03/25穴水のと穴水石川県
74%
2019/10/01石橋石橋阪大前大阪府
74%
2022/09/23肥前山口江北佐賀県
71%
1988/04/11真岡真岡(読みのみ)栃木県
71%
2008/03/15雄琴おごと温泉滋賀県
71%
2004/03/13西鹿児島駅前鹿児島中央駅前鹿児島県
71%
2014/04/01三宮神戸三宮兵庫県
71%
2018/03/17浜大津びわ湖浜大津滋賀県
71%
1990/12/01下野花岡下野花岡(読みのみ)栃木県
71%
1990/12/01下野大沢下野大沢(読みのみ)栃木県
71%
2005/01/29新名古屋名鉄名古屋愛知県
71%
2005/01/29新一宮名鉄一宮愛知県
71%
2005/01/29新岐阜名鉄岐阜岐阜県
71%
2020/03/14羽田空港国際線ターミナル羽田空港第3ターミナル東京都
71%
2020/03/14羽田空港国内線ターミナル羽田空港第1・第2ターミナル東京都
71%
2013/12/21三宮神戸三宮兵庫県
71%
1993/04/01勝沼勝沼ぶどう郷山梨県
71%
1992/07/01千歳空港南千歳北海道
71%
1987/06/01京浜川崎京急川崎神奈川県
71%
1987/06/01京浜田浦京急田浦神奈川県
71%
2009/03/20上本町大阪上本町大阪府
71%
1987/06/01京浜蒲田京急蒲田東京都
71%
2008/10/19四条祇園四条京都府
71%
1987/06/01京浜鶴見京急鶴見神奈川県
71%
1987/06/01京浜新子安京急新子安神奈川県
71%
1987/06/01京浜富岡京急富岡神奈川県
71%
1998/04/11斜里知床斜里北海道
71%
1987/06/01京浜安浦京急安浦神奈川県
71%
1987/06/01京浜大津京急大津神奈川県
71%
2018/03/17坂本坂本比叡山口滋賀県
71%
1987/06/01京浜久里浜京急久里浜神奈川県
71%
1987/06/01京浜長沢京急長沢神奈川県
71%
1987/04/01三条京津三条京都府
71%
2004/04/01営団赤塚地下鉄赤塚東京都
68%
2020/03/14佐貫龍ケ崎市茨城県
68%
1997/03/22鳴子鳴子温泉宮城県
68%
1991/03/19成田空港東成田千葉県
68%
2004/04/01営団成増地下鉄成増東京都
68%
2020/03/14仲木戸京急東神奈川神奈川県
68%
2008/10/19丸太町神宮丸太町京都府
68%
1988/04/11北真岡北真岡(読みのみ)栃木県
68%
2008/10/19五条清水五条京都府
68%
1987/03/01戸狩戸狩野沢温泉長野県
66%
1998/04/01野比YRP野比神奈川県
66%
1997/04/01新十津川新十津川(読みのみ)北海道
66%
2005/03/01城崎城崎温泉兵庫県
66%
2019/10/01深草龍谷大前深草京都府
66%
2012/03/17業平橋とうきょうスカイツリー東京都
66%
1987/02/01金田一金田一温泉岩手県
66%
1991/03/16三厩三厩(読みのみ)青森県
66%
2023/01/04伝馬町熱田神宮伝馬町愛知県
66%
1994/09/04嵯峨嵯峨嵐山京都府
66%
1988/03/13川湯川湯温泉北海道
66%
2019/10/01南町田南町田グランベリーパーク東京都
66%
2009/04/01人吉人吉温泉熊本県
66%
1994/12/22若葉町若葉町(読みのみ)長崎県
63%
2020/03/14花月園前花月総持寺神奈川県
63%
2002/12/01沼宮内いわて沼宮内岩手県
63%
1991/12/14下部下部温泉山梨県
63%
1991/12/14湯谷湯谷温泉愛知県
63%
1989/03/29沢入沢入(読みのみ)群馬県
63%
2013/12/21中山中山観音兵庫県
63%
1991/03/16大鰐大鰐温泉青森県
63%
2023/01/04市役所名古屋城愛知県
63%
2013/12/21松尾松尾大社京都府
63%
2022/03/12石狩当別当別北海道
63%
2011/03/12船小屋筑後船小屋福岡県
63%
2020/03/20等持院等持院・立命館衣笠キャンパス前京都府
61%
1998/08/22六会六会日大前神奈川県
61%
1987/03/15佐久米浜名湖佐久米静岡県
61%
2009/06/01水間水間観音大阪府
61%
2016/03/26渡島大野新函館北斗北海道
61%
1999/12/04瀬見瀬見温泉山形県
61%
2001/04/01西線11条西線11条(読みのみ)北海道
61%
2001/04/01西線14条西線14条(読みのみ)北海道
61%
2001/04/01西線16条西線16条(読みのみ)北海道
61%
2001/04/01西線6条西線6条(読みのみ)北海道
61%
2023/02/25越前武生たけふ新福井県
58%
1991/12/01長野原長野原草津口群馬県
58%
1994/09/04湊町JR難波大阪府
58%
2016/03/27福井駅前福井駅福井県
58%
2011/07/01富士吉田富士山山梨県
58%
1997/08/29四天王寺前四天王寺前夕陽ヶ丘大阪府
58%
2022/03/12石狩太美太美北海道
58%
1991/12/01川原湯川原湯温泉群馬県
58%
2017/04/01東山東山・おかでんミュージアム駅岡山県
58%
2000/08/06二子玉川園二子玉川東京都
58%
1992/03/14千葉港千葉みなと千葉県
58%
2023/04/01茶山茶山・京都芸術大学京都府
58%
2019/10/01八幡市石清水八幡宮京都府
58%
2023/01/04神宮西熱田神宮西愛知県
58%
2019/10/01八幡市ケーブル八幡宮口京都府
58%
2015/04/01近鉄四日市あすなろう四日市三重県
58%
2017/03/25西春江西春江ハートピア福井県
58%
1990/06/17大橋大橋(読みのみ)長崎県
58%
2009/03/20近鉄難波大阪難波大阪府
58%
1987/04/01国鉄千葉駅前京成千葉千葉県
58%
2001/04/01西線9条旭山公園通西線9条旭山公園通(読みのみ)北海道
58%
2006/03/18中三依中三依温泉栃木県
55%
2005/10/01万博八草八草愛知県
55%
2004/03/13日奈久日奈久温泉熊本県
55%
2001/11/01宇品広島港(宇品)広島県
55%
1997/03/22川渡川渡温泉宮城県
55%
2008/06/14雑司ヶ谷都電雑司ヶ谷東京都
55%
2003/10/01小郡新山口山口県
55%
1997/03/22中山平中山平温泉宮城県
55%
1997/08/29関目関目高殿大阪府
55%
2006/04/01万博八草八草愛知県
55%
2005/01/29新那加新那加(字形変更)岐阜県
55%
2019/10/01柴原柴原阪大前大阪府
55%
2023/04/27西大寺町西大寺町・岡山芸術創造劇場ハレノワ前岡山県
55%
1997/03/08田辺京田辺京都府
55%
2004/10/10八草万博八草愛知県
55%
2017/03/25西長田西長田ゆりの里福井県
55%
2008/03/15西大津大津京滋賀県
53%
2017/03/25下兵庫下兵庫こうふく福井県
53%
1987/04/01京成千葉千葉中央千葉県
53%
2007/03/18西ノ宮西宮兵庫県
53%
2017/04/01松原団地獨協大学前埼玉県
53%
2005/01/29徳重徳重・名古屋芸大愛知県
53%
1991/09/01のと穴水穴水石川県
53%
2023/01/04中村区役所太閤通愛知県
53%
2008/06/14新線池袋池袋東京都
53%
2017/03/25太郎丸太郎丸エンゼルランド福井県
53%
1992/11/14大森大森・金城学院前愛知県
53%
2004/03/13下田香芝奈良県
50%
2002/12/01種差種差海岸青森県
50%
2020/03/14産業道路大師橋神奈川県
50%
2009/03/20富洲原川越富洲原三重県
50%
2015/03/14脇野田上越妙高新潟県
50%
2014/03/29高岡駅前高岡駅富山県
50%
2006/03/18会津高原会津高原尾瀬口福島県
50%
2001/11/01広島駅前広島駅広島県
50%
1987/03/09大秦野秦野神奈川県
50%
1997/05/22御池烏丸御池京都府
50%
1990/11/01京町京町温泉宮崎県
50%
2005/01/29ナゴヤ球場前山王愛知県
47%
2002/12/01奥中山奥中山高原岩手県
47%
2001/11/01阿品阿品東広島県
47%
2013/12/21服部服部天神大阪府
47%
2006/06/01平良廿日市市役所前(平良)広島県
47%
2018/03/24市役所前福井城址大名町福井県
45%
2001/01/01西鉄福岡西鉄福岡(天神)福岡県
45%
2015/04/01丹後大宮京丹後大宮京都府
45%
1998/04/01多賀多賀大社前滋賀県
45%
2010/03/25武生新越前武生福井県
45%
2019/03/16東寝屋川寝屋川公園大阪府
45%
2015/04/01木津温泉夕日ヶ浦木津温泉京都府
45%
1989/03/11平戸口たびら平戸口長崎県
45%
1995/09/01神足長岡京京都府
45%
1995/12/01湯瀬湯瀬温泉秋田県
45%
2011/03/01市役所前熊本城・市役所前熊本県
45%
2003/10/01笹間渡川根温泉笹間渡静岡県
45%
1990/11/01飯野えびの飯野宮崎県
45%
2008/04/01黒谷和銅黒谷埼玉県
45%
1993/08/01阿蘇下田阿蘇下田城ふれあい温泉熊本県
45%
2003/07/20西福井福大前西福井福井県
45%
2007/10/14大成鉄道博物館埼玉県
45%
2020/03/21蓮町蓮町(馬場記念公園前)富山県
45%
2019/10/01島原外港島原港長崎県
45%
2007/03/19車折車折神社京都府
45%
2007/03/19太秦太秦広隆寺京都府
45%
2020/03/14羽田空港第1ビル羽田空港第1ターミナル東京都
45%
2020/03/14羽田空港第2ビル羽田空港第2ターミナル東京都
45%
1990/11/01上江えびの上江宮崎県
42%
2001/11/01己斐広電西広島(己斐)広島県
42%
2021/03/13阿仁前田阿仁前田温泉秋田県
42%
2000/08/06多摩川園多摩川東京都
42%
1999/08/29新横浜北北新横浜神奈川県
42%
1988/03/13面白山面白山高原山形県
42%
1994/03/12北鹿島鹿島サッカースタジアム茨城県
42%
1988/03/25真脇縄文真脇石川県
42%
2008/06/15大篠津米子空港鳥取県
42%
2022/03/12名古屋競馬場前港北愛知県
42%
2001/11/01紙屋町紙屋町西広島県
42%
1992/07/01上ノ山かみのやま温泉山形県
42%
2001/11/01紙屋町紙屋町東広島県
42%
2001/11/01横川横川駅広島県
42%
2020/11/12五和合格静岡県
39%
2020/03/21大学前富山大学前富山県
39%
2022/03/12東風連名寄高校北海道
39%
2015/12/23小本岩泉小本岩手県
39%
1987/03/15遠江二俣天竜二俣静岡県
39%
2002/02/02北新北新・松本大学前長野県
39%
2015/03/14寺井能美根上石川県
39%
2007/03/19御室御室仁和寺京都府
39%
2005/01/29大学前愛知大学前愛知県
39%
2021/03/13西武遊園地多摩湖東京都
39%
1995/03/16大学前北海道医療大学北海道
39%
1991/04/07電鉄須磨山陽須磨兵庫県
39%
1991/04/07電鉄塩屋山陽塩屋兵庫県
39%
1991/04/07電鉄垂水山陽垂水兵庫県
39%
2021/03/13遊園地西西武園ゆうえんち埼玉県
39%
1991/04/07電鉄網干山陽網干兵庫県
39%
1991/04/07電鉄天満山陽天満兵庫県
39%
1991/04/07電鉄姫路山陽姫路兵庫県
39%
1991/04/07電鉄亀山亀山兵庫県
39%
1991/04/07電鉄飾磨飾磨兵庫県
39%
1994/10/03大学前大学長崎県
39%
1991/04/07電鉄高砂高砂兵庫県
39%
1991/04/07電鉄別府別府兵庫県
39%
1991/04/07電鉄魚住山陽魚住兵庫県
39%
2004/10/06藤ヶ丘藤が丘愛知県
39%
1991/04/07電鉄明石山陽明石兵庫県
39%
1997/04/01留萠留萌北海道
39%
1989/07/09金山橋金山愛知県
39%
2011/03/12花白花白温泉岐阜県
37%
2003/03/15城戸城戸南蔵院前福岡県
37%
2019/03/16国際展示場正門東京ビッグサイト東京都
37%
2020/03/14小ヶ田縄文小ヶ田秋田県
37%
2018/08/01長崎大学前長崎大学長崎県
37%
1991/04/07電鉄曽根山陽曽根兵庫県
37%
1987/07/16湯野上湯野上温泉福島県
37%
1989/03/11田平東田平長崎県
37%
2019/03/16船の科学館東京国際クルーズターミナル東京都
37%
1992/10/01小波瀬小波瀬西工大前福岡県
37%
2023/07/15阿蘇下田城ふれあい温泉阿蘇下田城熊本県
37%
1987/03/09大根東海大学前神奈川県
37%
2020/03/14羽田空港国際線ビル羽田空港第3ターミナル東京都
37%
1990/11/20弟子屈摩周北海道
34%
2008/06/29碧海桜井桜井愛知県
34%
2022/03/12刃物会館前せきてらす前岐阜県
34%
2021/06/19京コンピュータ前計算科学センター兵庫県
34%
1988/03/25能登鵜飼鵜飼石川県
34%
1999/12/04楯岡村山山形県
34%
2006/04/01万博会場愛・地球博記念公園愛知県
34%
2004/02/01京急安浦県立大学神奈川県
34%
1999/03/13出雲大社口出雲神西島根県
34%
1987/03/15遠江森遠州森静岡県
34%
1990/04/01野村西脇市兵庫県
34%
2006/03/18上三依塩原上三依塩原温泉口栃木県
34%
1993/03/18知井宮西出雲島根県
32%
1997/04/01東相ノ内東相内北海道
32%
2019/10/01男山山上ケーブル八幡宮山上京都府
32%
2008/06/29碧海堀内堀内公園愛知県
32%
1988/04/01肥前中里中里長崎県
32%
2004/03/13川尻十王茨城県
32%
2019/10/01上熊本駅前上熊本熊本県
32%
1997/04/01相ノ内相内北海道
32%
2009/07/20小石浜恋し浜岩手県
32%
2004/10/06瑞穂運動場瑞穂運動場西愛知県
32%
1988/03/25能登白丸白丸石川県
32%
2018/08/01浦上車庫前浦上車庫長崎県
32%
1997/03/22大谷大谷海岸宮城県
32%
2008/04/01西川西川緑道公園岡山県
32%
1988/03/25能登川尻九里川尻石川県
29%
1988/04/01肥前吉井吉井長崎県
29%
1991/04/07電鉄林崎林崎松江海岸兵庫県
29%
2005/01/29南成岩青山愛知県
29%
1988/04/01肥前神田神田長崎県
29%
1989/03/19江戸橋日本橋東京都
29%
2013/03/16御庄清流新岩国山口県
29%
2015/03/14富山駅前電鉄富山駅・エスタ前富山県
29%
2019/04/01競艇場前宮島ボートレース場広島県
29%
2008/03/15筑前新宮福工大前福岡県
29%
1987/04/01国鉄駅前松山駅前愛媛県
29%
2001/03/17摩耶兵庫県
29%
1997/04/01北一己北一已北海道
29%
1997/03/22東鳴子鳴子御殿湯宮城県
29%
2018/08/01大学病院前大学病院長崎県
29%
1996/11/06県庁前県庁跡鹿児島県
29%
1988/03/25能登小木九十九湾小木石川県
29%
1987/04/01葛飾京成西船千葉県
29%
2015/05/01神田神田(交通局前)鹿児島県
29%
1994/12/03浪板浪板海岸岩手県
29%
2007/05/21ルイス・C.ティファニー庭園美術館前松江イングリッシュガーデン前島根県
29%
1991/10/27平田橋上小田井愛知県
26%
1987/07/16荒海会津荒海福島県
26%
2007/03/19嵯峨駅前嵐電嵯峨京都府
26%
2018/08/01正覚寺下崇福寺長崎県
26%
2012/11/24遠州曳馬曳馬静岡県
26%
1988/03/25能登小浦小浦石川県
26%
2012/12/21遠州上島上島静岡県
26%
2019/10/01日工前工機前茨城県
26%
1992/07/01北上ノ山茂吉記念館前山形県
26%
2018/03/17皇子山京阪大津京滋賀県
26%
2005/01/29各務原飛行場各務原市役所前岐阜県
24%
1994/10/14霊園前南平岸北海道
24%
1998/04/01太郎坊太郎坊宮前滋賀県
24%
2006/12/24大阪ドーム前千代崎ドーム前千代崎大阪府
24%
2001/03/03香枦園香櫨園兵庫県
24%
2019/10/01島鉄本社前霊丘公園体育館長崎県
24%
1994/12/03会津檜原会津桧原福島県
24%
1997/03/08上田辺JR三山木京都府
24%
1988/04/01江迎江迎鹿町長崎県
24%
2016/03/01市民会館前函館アリーナ前北海道
24%
2023/01/04市民会館前市役所長崎県
24%
1991/06/20陸中川尻ほっとゆだ岩手県
24%
2018/03/17別所大津市役所前滋賀県
24%
1987/03/31西秋留秋川東京都
21%
1987/04/01センター競馬場前船橋競馬場千葉県
21%
2011/07/01市民病院前みなとじま兵庫県
21%
1987/02/01北福岡二戸岩手県
21%
2018/08/01諏訪神社前諏訪神社長崎県
21%
2004/08/01名香野西鉄千早福岡県
21%
2019/10/01島鉄湯江有明湯江長崎県
21%
1995/04/01魚津新魚津富山県
21%
1994/04/01荒川八広東京都
21%
1989/03/11白木原大野城福岡県
21%
1995/12/01陸中花輪鹿角花輪秋田県
21%
2018/08/01西浜町浜町アーケード長崎県
21%
1993/03/18神西出雲大社口島根県
21%
2018/08/01市民病院前メディカルセンター長崎県
21%
2001/03/03あかじあかぢ福岡県
21%
1997/04/01茨木宇野辺大阪府
21%
2000/12/23狭山遊園前大阪狭山市大阪府
21%
2009/04/01免田あさぎり熊本県
21%
2019/04/01修大付属鈴峯前修大協創中高前広島県
18%
1988/03/13二枚橋花巻空港岩手県
18%
2015/04/01甲山かぶと山京都府
18%
1988/04/01電鉄大村大村兵庫県
18%
1995/01/01日ノ影日之影温泉宮崎県
18%
1995/03/16釜谷臼あいの里公園北海道
18%
2001/11/01広電宮島広電宮島口広島県
18%
2018/08/01大浦天主堂下大浦天主堂長崎県
18%
1987/02/01石勝高原トマム北海道
18%
2019/04/01山陽女子大前山陽女学園前広島県
18%
2003/03/15霧島西口霧島温泉鹿児島県
18%
1993/10/01三田川吉野ヶ里公園佐賀県
18%
1988/04/01電鉄三木三木兵庫県
18%
1988/04/01電鉄栄兵庫県
18%
1988/04/01電鉄市場市場兵庫県
18%
1988/04/01電鉄木幡木幡兵庫県
18%
1988/04/01電鉄木津木津兵庫県
18%
1988/04/01電鉄小野小野兵庫県
18%
1988/04/01電鉄横山横山兵庫県
18%
2005/04/01日産前ジヤトコ前静岡県
18%
2005/03/22平田市雲州平田島根県
18%
2019/10/01諫早東高校前諫早東高校長崎県
18%
2004/04/25公園前道後公園愛媛県
18%
1993/04/01初鹿野甲斐大和山梨県
18%
2019/10/01再春荘前再春医療センター前熊本県
16%
2019/10/01南島原島原船津長崎県
16%
2013/04/01浜松大学前常葉大学前静岡県
16%
2021/01/01富山トヨペット本社前(五福末広町)トヨタモビリティ富山Gスクエア五福前(五福末広町)富山県
16%
2019/10/01神水・市民病院前神水交差点熊本県
16%
2015/05/01交通局前二中通鹿児島県
16%
2013/04/01守山市民病院金屋愛知県
16%
2019/10/01多比良町多比良長崎県
16%
2023/09/01西新湊クロスベイ前富山県
16%
1998/04/01小倉平和通福岡県
16%
1990/11/01加久藤えびの宮崎県
16%
改称日不詳
(2001年頃)
県庁通県庁通り岡山県
16%
1990/04/01丹後木津木津温泉京都府
16%
1996/03/16殿田日吉京都府
16%
2002/04/01松江温泉松江しんじ湖温泉島根県
16%
2004/03/13熊本工大前崇城大学前熊本県
16%
1997/09/03県庁跡水族館口鹿児島県
16%
2005/01/29瓢簞山瓢箪山愛知県
16%
2005/11/01新湊市役所前射水市新湊庁舎前富山県
16%
2006/04/01伊太祁曽伊太祈曽和歌山県
16%
1994/09/04叡山比叡山坂本滋賀県
16%
1990/11/01新中原九州工大前福岡県
16%
2019/10/01小野本町小野長崎県
13%
2015/04/01野田川与謝野京都府
13%
2003/07/20東古市永平寺口福井県
13%
2003/07/20芦原湯町あわら湯のまち福井県
13%
2018/08/01賑橋めがね橋長崎県
13%
1989/03/29神土神戸群馬県
13%
2016/10/11射水市新湊庁舎前西新湊富山県
13%
1988/03/25珠洲飯田飯田石川県
13%
1988/04/01電鉄丸山丸山兵庫県
13%
2001/03/28多磨墓地前多磨東京都
13%
1994/12/03高瀬大坊みの香川県
13%
1997/04/01大川寺遊園大川寺富山県
13%
2002/03/10八瀬遊園八瀬比叡山口京都府
13%
1989/10/01東人吉相良藩願成寺熊本県
13%
2013/03/31電波高専前熊本高専前熊本県
13%
1987/12/21玉ノ井東向島東京都
13%
2007/03/19三条口西大路三条京都府
13%
2007/03/19竜安寺道龍安寺京都府
13%
2018/03/01西堀端本町一丁目愛媛県
13%
1993/04/01別田春日居町山梨県
13%
2019/04/01舟入南町舟入南広島県
13%
2015/04/01厚中問屋福知山市民病院口京都府
13%
2015/04/01鈴峯女子大前修大付属鈴峯前広島県
13%
2008/06/15御崎口大篠津町鳥取県
13%
1991/03/16糠ノ目高畠山形県
13%
1996/10/01技術専門校前秩父が浦長崎県
11%
2018/08/01築町新地中華街長崎県
11%
2011/03/01本妙寺前本妙寺入口熊本県
11%
2001/06/01循環器病センター心臓血管センター群馬県
11%
1990/05/01筑後千足うきは福岡県
11%
2018/08/01松山町平和公園長崎県
11%
1996/10/01二日町白鳥高原岐阜県
11%
1989/07/09岐阜大学前市民公園前岐阜県
11%
1987/03/15遠江桜木桜木静岡県
11%
2018/07/01ベイサイドアリーナ南三陸町役場・病院前宮城県
11%
1999/12/04羽前赤倉赤倉温泉山形県
11%
2010/03/25西武生北府福井県
11%
1995/04/20職業訓練校前技術専門校前長崎県
11%
1991/06/20岩手湯田ゆだ高原岩手県
11%
2002/03/10ケーブル八瀬遊園ケーブル八瀬京都府
11%
2019/10/01松尾町松尾長崎県
11%
2011/03/01動植物園前動植物園入口熊本県
11%
2007/03/19高雄口宇多野京都府
11%
2011/03/01水前寺駅通新水前寺駅前熊本県
11%
1988/03/13大坂間球泉洞熊本県
11%
1987/07/16上三寄芦ノ牧温泉福島県
11%
2011/03/01熊本城前花畑町熊本県
11%
1988/04/01肥前御厨御厨長崎県
11%
1988/04/01潜竜潜竜ヶ滝長崎県
11%
2015/03/14新富山富山トヨペット本社前(五福末広町)富山県
11%
2019/10/01神代町神代長崎県
11%
2015/04/01但馬三江コウノトリの郷兵庫県
11%
2008/10/01下社阿夫利神社神奈川県
11%
1995/03/16東篠路あいの里教育大北海道
8%
1993/03/20山手県庁前兵庫県
8%
1992/04/19とでん西武百貨店前デンテツターミナルビル前高知県
8%
1994/10/03今福鷹島口鷹島口長崎県
8%
2015/05/01たばこ産業前市立病院前鹿児島県
8%
1997/04/01大長北勢中央公園口三重県
8%
1988/04/01六甲登山口神鉄六甲兵庫県
8%
2010/03/25福井新赤十字前福井県
8%
2008/10/01土手ノ内希望が丘高校前福岡県
8%
2011/07/01先端医療センター前医療センター兵庫県
8%
2011/07/01ポートアイランド南京コンピュータ前兵庫県
8%
2006/04/01中濃西高前関下有知岐阜県
8%
2002/07/20大和紡前出雲科学館パークタウン前島根県
8%
2015/04/01丹後神野小天橋京都府
8%
2015/03/14気賀高校前岡地静岡県
8%
1991/06/20陸中大石ゆだ錦秋湖岩手県
8%
1988/10/19下野上三依上三依塩原栃木県
8%
2001/11/01田尻広電阿品広島県
8%
2001/03/17摩耶ケーブル下摩耶ケーブル兵庫県
8%
1987/12/01知寄町車庫前知寄町高知県
5%
1987/03/15野部豊岡静岡県
5%
1987/04/10下鯖江西山公園福井県
5%
1989/04/01電鉄桜井電鉄黒部富山県
5%
1987/07/16舟子大川ダム公園福島県
5%
1987/07/16楢原会津下郷福島県
5%
1987/07/16会津落合養鱒公園福島県
5%
1990/10/02川根市代アプトいちしろ静岡県
5%
1990/11/01牧口豊後清川大分県
5%
1990/10/02川根長島接岨峡温泉静岡県
5%
1990/04/01越ノ潟口海王丸富山県
5%
1988/03/13龍ケ森安比高原岩手県
5%
1988/10/25宮内町宮内山形県
5%
1988/03/25立戸の浜沖波石川県
5%
1990/04/01丹後山田野田川京都府
5%
1990/10/10中央高校前職業訓練校前長崎県
5%
2020/03/21大広田萩浦小学校前富山県
5%
1988/10/25西宮内おりはた山形県
5%
1997/03/22上岩出山西大崎宮城県
5%
2014/12/01南霞町新今宮駅前大阪府
5%
2008/09/01城南聖愛中高前青森県
5%
2006/04/01半在八坂岐阜県
5%
2007/03/18上佐々清峰高校前長崎県
5%
2007/04/01遠州病院前遠州病院静岡県
5%
2016/03/27公園口足羽山公園口福井県
5%
2001/04/02古江ルイス・C.ティファニー庭園美術館前島根県
5%
2001/04/01ロープウェー入口ロープウェイ入口北海道
5%
2000/12/02陸奥黒崎白神岳登山口青森県
5%
2007/08/01北浜中学校前美薗中央公園静岡県
5%
1997/03/22西岩出山上野目宮城県
5%
2005/04/01東工業高前弘前東高前青森県
5%
2018/08/01浜口町原爆資料館長崎県
5%
2018/08/01公会堂前市民会館長崎県
5%
2010/03/25裁判所前仁愛女子高校福井県
5%
1991/11/01運動場前県総合運動場静岡県
5%
2008/10/01追分大山ケーブル神奈川県
5%
1992/04/01動物園前動植物園前熊本県
5%
1993/04/15花堂南ベル前福井県
5%
2010/03/25上鯖江サンドーム西福井県
5%
2011/03/01神水橋神水・市民病院前熊本県
5%
1993/09/27羽田整備場整備場東京都
5%
1987/07/16田部原田島高校前福島県
3%
1987/07/16桑原芦ノ牧温泉南福島県
3%
1987/07/16糸沢七ヶ岳登山口福島県
3%
1987/05/01教育大学前西屯田通北海道
3%
2008/09/01西弘前弘前学院大前青森県
3%
1988/03/13岩手松尾松尾八幡平岩手県
3%
2007/01/10岸壁通桟橋車庫前高知県
3%
1991/10/20道場川原道場南口兵庫県
3%
2001/11/01段原大畑町段原一丁目広島県
3%
2014/03/29本丸会館前急患医療センター前富山県
3%
2008/10/01不動前大山寺神奈川県
3%
1991/04/01森合美術館図書館前福島県
3%
1991/03/15西屯田通中央図書館前北海道
3%
1993/04/20中央保健所前山鼻9条北海道
3%
1994/04/10一毛町城東群馬県
3%
1995/04/01健軍派出所前健軍交番前熊本県
3%
1995/04/01駒場鶯沢工業高校前宮城県
3%
1996/06/01体育館前豊橋公園前愛知県
3%
1999/12/04羽前向町最上山形県
3%
2004/04/01創成小学校前資生館小学校前北海道
3%
2001/03/28北多磨白糸台東京都
3%
2016/03/27木田四ツ辻商工会議所前福井県
3%
2001/11/01広島大学前日赤病院前広島県
3%
1991/04/07本荘播磨町兵庫県
3%
2015/05/01市立病院前甲東中学校前鹿児島県
3%
2002/04/01電報局前九品寺交差点熊本県
3%
1988/04/01南弘前東工業高前青森県
3%
2001/11/01向宇品口元宇品口広島県
3%

Score Distribution

Percentile by Number Answered

Percent of People with Each Score

Your Score History

You have not taken this quiz since the last reset